Desarrollo de un modelo fenológico de lulo (Solanum quitoense Lam,) (Registro nro. 6951)

Detalles MARC
000 -CABECERA
Campo de control 00785nam a2200229 a 4500
005 - FECHA Y HORA DE LA ULTIMA TRANSACCION
Campo de control 20200221101518.0
008 - ELEMENTOS DE LONGITUD FIJA—INFORMACION GENERAL
Campo de control 190320b xxu||||| |||| 00| 0 spa d
040 ## - FUENTE DE CATALOGACIÓN
Agencia catalogadora original CO-BoIAVH
Agencia transcriptora CO-BoIAVH
041 ## - IDIOMA
Código de idioma para texto/pista de sonido o título separado Español
090 ## - CLASIFICACIÓN LOCAL
Colección FG
Consecutivo 0487
100 ## - ASIENTO PRINCIPAL--NOMBRE PERSONAL
Nombre personal Pulido, Sandra
9 (RLIN) 92660
245 ## - MENCION DE TITULO
Título Desarrollo de un modelo fenológico de lulo (Solanum quitoense Lam,)
Parte restante del título estimación de la temperatura base para la aparición de nudos
260 ## - PUBLICACION, DISTRIBUCION, ETC. (PIE DE IMPRENTA)
Lugar de publicación, distribución, etc. Bogotá
Nombre del editor, distribuidor, etc. Fundación Universidad de Bogotá Jorge Tadeo Lozano
Fecha de publicación, distribución, etc. 2008
300 ## - DESCRIPCION FISICA
Extensión 14 Páginas
650 #0 - ASIENTO SECUNDARIO DE MATERIA - TERMINO TEMATICO
9 (RLIN) 61149
Término temático o nombre geográfico como elemento de entrada Frutos
Subdivisión de forma Identificación
Subdivisión geográfica Colombia
650 #0 - ASIENTO SECUNDARIO DE MATERIA - TERMINO TEMATICO
9 (RLIN) 3855
Término temático o nombre geográfico como elemento de entrada Métodos de campo
700 ## - ASIENTO SECUNDARIO - NOMBRE PERSONAL
Nombre personal Bojacá, Carlos
9 (RLIN) 92662
700 ## - ASIENTO SECUNDARIO - NOMBRE PERSONAL
Nombre personal Salazar, Melba
9 (RLIN) 92663
700 ## - ASIENTO SECUNDARIO - NOMBRE PERSONAL
Nombre personal Chávez, Bernardo
9 (RLIN) 92664
942 ## - ELEMENTOS ADICIONALES (KOHA)
Tipo de ítem Folleto
Sistema de clasificación Local
945 ## - PROCESAMIENTO LOCAL
AAAA-MM-DD - Fecha de ingreso o modificacion 2009-06-18
Existencias
Withdrawn status Lost status Sistema de Clasificación Damaged status No para préstamo Colección Ubicación Permanente Ubicación actual Fecha de adquisición Total Checkouts Número topográfico Inventario / Código de Barras Date last seen Ejemplar Price effective from Forma de adquisición Tipo de material
    Local     Hemeroteca Bogotá Bogotá 18/06/2009   FG-0487 027187 04/12/2012 Ej. 1 04/12/2012 Donación Folleto